| 000 | 01013nac a22002891u 4500 | ||
|---|---|---|---|
| 020 | _a0756610575 (US) | ||
| 020 | _a1405302593(UK) | ||
| 082 |
_a658.406 _bP4811 |
||
| 090 |
_c2717 _d2717 |
||
| 100 | _aPeters, Thomas J. | ||
| 245 |
_aTom Peters essentials trends / _cTom Peters & Martha Barletta |
||
| 260 |
_aNew York: _bDK Pub. ,2005. _c2005 |
||
| 300 |
_a160p. : _bill. (chiefly col.) ; _c20 cm. |
||
| 440 | _aEssential series | ||
| 500 | _a"The essential series is adapted from re-imagine !" | ||
| 500 | _aIncludes index | ||
| 650 |
_aOrganizational change _xManagement |
||
| 650 |
_aRee-engineering _xManagement |
||
| 650 | _aLeadership | ||
| 650 | _aAbility | ||
| 650 | _aOrganizational effectiveness | ||
| 650 | _aManagement | ||
| 700 | _aPeters,Thomas J. | ||
| 700 | _aBarletta, Martha | ||
| 942 |
_cBB _k658.406 P4811 |
||
| 999 |
_c2717 _d2717 |
||